|
|
|
|
| LEADER |
00000nam0a2200000 4500 |
| 001 |
164099 |
| 005 |
20231031161103.0 |
| 020 |
|
|
|a RU
|b 86-72999
|
| 035 |
|
|
|a (RuTPU)RU\TPU\book\178045
|
| 090 |
|
|
|a 164099
|
| 100 |
|
|
|a 20090831d1986 m y0rusy5003 ca
|
| 101 |
1 |
|
|a rus
|c eng
|
| 102 |
|
|
|a RU
|
| 105 |
|
|
|a a z 001ay
|
| 200 |
1 |
|
|a Серьезные забавы
|e [О литературных мистификациях ]
|e пер. с англ.
|f Д. Уайтхед
|g авт. предисл. Е. Ю. Гениева
|
| 210 |
|
|
|a Москва
|c Книга
|d 1986
|
| 215 |
|
|
|a 284,[1] с.
|c ил.
|d 17 см
|
| 320 |
|
|
|a Указатель имен: с. 267-284
|
| 610 |
1 |
|
|a Литературные подделки
|
| 610 |
1 |
|
|a Литературные разыскания
|
| 610 |
1 |
|
|a Литература зарубежных стран - История
|
| 610 |
1 |
|
|a история
|
| 610 |
1 |
|
|a английская литература
|
| 675 |
|
|
|a 82
|z rus
|
| 700 |
|
1 |
|a Уайтхед
|b Д.
|g Джон
|4 070
|
| 702 |
|
1 |
|a Гениева
|b Е. Ю.
|4 080
|
| 801 |
|
0 |
|a RU
|b RuMRKP
|c 19950704
|g psbo
|
| 801 |
|
1 |
|a RU
|b 63413507
|c 20090831
|
| 801 |
|
2 |
|a RU
|b 63413507
|c 20090831
|g RCR
|
| 942 |
|
|
|c BK
|